CÁTALOGO MUNICIPAL







Mitos, leyendas y cuentos peruanos / José María Arguedas, Francisco Izquierdo Ríos, eds. (Registro nro. 10885)

Detalles MARC
000 -Cabecera (24)
Campo de control interno 01021nam a22002894a 4500
001 - Número de control
Campo de control BIBLIOTECA MUNICIPAL DE BARRANCO
007 - Tipo material - Descripcion fisica - info general
Tipo material ta
008 - Códigos de longitud fija (40p)
Campo de control de longitud fija t pe gr 00| 0 spa d
017 ## - DEPOSITO LEGAL (PERÚ)
Número Depósito Legal 2017-15833
020 ## - INTERNATIONAL STANDARD BOOK NUMBER
ISBN 978-612-4262-89-0
040 ## - Origen de la Catalogacion
Origen de la Catalogacion BIBLIOTECA MUNICIPAL DE BARRANCO
041 ## - Código de idioma (R)
Código de lengua del texto/banda sonora o título independiente (R) spa
043 ## - Pais ISO
País ISO pe
082 ## - Número de la Clasificación
Número de la Clasificación 869.56008
Número de documento/Ítem M 2017
245 ## - Titulo
Titulo Mitos, leyendas y cuentos peruanos / José María Arguedas, Francisco Izquierdo Ríos, eds.
250 ## - Mencion de edicion
Edicion 1a ed., 1a reimpr.
260 ## - Pie de imprenta
Ciudad Lima :
Año 2017
300 ## - Descripcion
Páginas 213 p. ;
490 ## - Serie Colección
Serie Colección Contemporánea / Debolsillo
505 ## - Nota de contenido
Nota de contenido Costa: leyendas -- Sierra: mitos, leyendas, cuentos -- Selva: leyendas, cuentos.
650 #0 - Temas - Descriptores
9 (RLIN) 2331
Temas - Descriptores Cuentos peruanos - Siglo XX.
650 #0 - Temas - Descriptores
9 (RLIN) 5281
Temas - Descriptores Leyendas-- -Perú-- -Siglo XX.
650 #0 - Temas - Descriptores
9 (RLIN) 7512
Temas - Descriptores Folclore en la literatura.
700 ## - Autor Personal
9 (RLIN) 7513
Autor Personal Arguedas, José María, 1911-1969, editor
700 ## - Autor Personal
9 (RLIN) 7514
Autor Personal Izquierdo Ríos, Francisco, 1910-1981, editor (+).
942 ## - Datos personalizados Koha
Tipo de Documento Libros
Fecha procesamiento 2025-06-09
Catalogador GHÑ
Existencias
Fuente de Clasificacion Deterioro (estado) Ubicacion permanente Ubicacion actual Fecha de Ingreso a la Biblioteca Numero inventario Prestamos Signatura Topográfica Código de barras Ultima fecha de verificacion Tipo de Item Ubicación en edificio Precio dolares
Dewey Decimal Classification   Biblioteca Municipal Manuel Beingolea Biblioteca Municipal Manuel Beingolea 06/09/2025 008070   869.56008 M 2017 008070 06/09/2025 Libros Estantería cerrada  

  

  GERENCIA DE CULTURA Y TURISMO

  Biblioteca Municipal de Barranco

  Auspiciado por la Municipalidad Distrial de Barranco

  Horario de atención: De lunes a sábado de 8:00 am a 5:00 pm.

  Correo electrónico: biblioteca@munibarranco.gob.pe

  Teléfono :203-6730, anexo 303


Ubicación